Score 0/34 Timer 05:00
0 Plays Today
Secret Identity Hero % Correct
Steven 'Steve' RogersCaptain America
95.9%
Namor McKenzieSub-Mariner
93.2%
James Buchanan BarnesBucky
90.2%
James 'Jim' HammondHuman Torch
85.8%
T'ChakaBlack Panther
75.9%
Thomas RaymondToro
63.7%
Robert Frank Sr.Whizzer
59.7%
Brian FalsworthUnion Jack
55.9%
Madeline Joyce-FrankMiss America
54.9%
Aquaria Nautica NeptuniaNamora
53.6%
Jacqueline Falsworth-CrichtonSpitfire
47.8%
Red RavenRed Raven
46.4%
AphroditeVenus
46.4%
Kenneth HaleGorilla Man
44.1%
Jack FrostJack Frost
42%
Robert GraysonMarvel Boy
42%
Thomas HallowayAngel
40.7%
Secret Identity Hero % Correct
Jeffrey MacePatriot
38%
M-11Human Robot
35.6%
Mark Anthony ToddBlazing Skull
33.2%
Kevin MarlowDestroyer
32.2%
John WatkinsCitizen V
29.2%
William NaslundThe Spirit of '76
27.8%
Bruce DicksonThin Man
27.1%
Louise Grant MasonBlonde Phantom
22.7%
Elton T. MorrowBlue Diamond
22.4%
Betsy RossGolden Girl
22.4%
Gwenny Lou SabukiGolden Girl
22.4%
Dan LyonsBlack Marvel
19.3%
Peter NobleThe Fin
18%
David 'Davy' MitchellHuman Top
16.9%
Elizabeth BarstowSilver Scorpion
15.3%
Mary MitchellSun Girl
13.2%
Larry ScottFather Time
9.8%

You're not logged in!

Compare scores with friends on all Sporcle quizzes.
OR
Log In

Sporcle TV

Today on Sporcle TV


Watch our educational content, quiz creation guides, and fun videos on Sporcle TV.

Show Comments

Extras

Top Quizzes Today


Score Distribution

Paid Content

Your Account Isn't Verified!

In order to create a playlist on Sporcle, you need to verify the email address you used during registration. Go to your Sporcle Settings to finish the process.

Report this User

Report this user for behavior that violates our Community Guidelines.

Details: